00463nam a2200181 a 45000010005000000030009000050080041000140400028000550820020000831000030001032450019001332600032001523000010001846500029001946500029002239420012002529990017002644413CO-ViMGA141112s2004 ck r 000 u spa d aCO-ViMGAbspacCO-ViMGA04aBr 801.44 M671v1 aMoraes, Vinicius de9509910aLa vida vivida aBogotá : bAncora, c1996 a113 p14aPOESIA BRASILEÑA9510014aTEXTO EN PORTUGUES95101 2ddccBK c16423d16423